=LDR 00000nam 2200000 4500 =001 INLIS000000000039376 =005 20130612145015 =008 ***********************************ind** =035 ##$$0010-061300000039376 =041 ##$$a ind =082 ##$$a 001.9 =090 ##$$a 001.9, Rin f =100 ##$$a RINTO, Ipnu =245 ##$$a Fakta untuk paling unggul, Ibnu rinto;Penyunting, Wibowo =260 ##$$a 2010 $b Yogyakarta =300 ##$$a 140 Hlm, Ilus, 19 cm =650 ##$$a FAKTA UNIK =700 ##$$a WIBOWO =850 ##$$a NBPNMAT